[Event "Regionalliga SW 1617"]
[Site "Bayern"]
[Date "2017.04.30"]
[Round "9.5"]
[White "Dirr, Ulrich"]
[Black "Benedde, Guenter"]
[Result "1-0"]
[WhiteElo "2191"]
[BlackElo "1918"]
[PlyCount "63"]
[EventDate "2016.10.16"]
[EventType "team-tourn"]
[EventRounds "9"]
[EventCountry "GER"]
[SourceTitle "EXT 2019"]
[Source "ChessBase"]
[SourceDate "2018.10.10"]
[SourceVersion "1"]
[SourceVersionDate "2018.10.10"]
[SourceQuality "1"]
[WhiteTeam "MSA Zugzwang II"]
[BlackTeam "Muenchen Suedost II"]
[WhiteTeamCountry "GER"]
[BlackTeamCountry "GER"]

1. Nf3 e6 2. g3 d5 3. c4 c6 4. Bg2 Nf6 5. b3 Be7 6. 0-0 Nbd7 7. Bb2 0-0 8. d3 b6 9. e4 dxc4 10. e5 c3 11. Nxc3 Nd5 12. Rc1 Bb7 13. Ne4 Re8 14. a3 Nf8 15. d4 Ng6 16. h4 Rc8 17. h5 Nf8 18. h6 g6 19. Re1 Nd7 20. Nfd2 b5 21. Nc5 Nxc5 22. dxc5 f6 23. Ne4 fxe5 24. Bxe5 Rf8 25. Bh3 Rf5 26. Bxf5 exf5 27. Nd6 Bxd6 28. Bxd6 Qg5 29. Qe2 Qf6 30. Be5 Qf7 31. Bd4 Rc7 32. Qe5 1-0

[Event "Regionalliga SW 1617"]
[Site "Bayern"]
[Date "2017.02.05"]
[Round "5.6"]
[White "Benedde, Guenter"]
[Black "Tudosa, Daniel"]
[Result "1/2-1/2"]
[WhiteElo "1918"]
[BlackElo "1944"]
[PlyCount "99"]
[EventDate "2016.10.16"]
[EventType "team-tourn"]
[EventRounds "9"]
[EventCountry "GER"]
[SourceTitle "EXT 2019"]
[Source "ChessBase"]
[SourceDate "2018.10.10"]
[SourceVersion "1"]
[SourceVersionDate "2018.10.10"]
[SourceQuality "1"]
[WhiteTeam "Muenchen Suedost II"]
[BlackTeam "Tuerkheim/Bad Woerishofen"]
[WhiteTeamCountry "GER"]
[BlackTeamCountry "GER"]

1. d4 Nf6 2. c4 e6 3. Nc3 Bb4 4. Bd2 c5 5. e3 0-0 6. Nf3 b6 7. a3 Bxc3 8. Bxc3 Bb7 9. Bd3 Ne4 10. 0-0 d6 11. Qe2 Nd7 12. Rfd1 Qe7 13. Rac1 e5 14. dxe5 dxe5 15. Bxe4 Bxe4 16. Nd2 Bc6 17. e4 Nf6 18. f3 Rad8 19. Nf1 Ba4 20. Rxd8 Rxd8 21. Ne3 Nh5 22. Nd5 Qg5 23. Bd2 Qh4 24. Qf2 Qxf2+ 25. Kxf2 Kf8 26. Be3 Bc6 27. b4 Bxd5 28. cxd5 cxb4 29. axb4 Rd7 30. g3 h6 31. b5 Ke7 32. Bd2 Nf6 33. Rc8 Rd8 34. Rc6 Ne8 35. Bb4+ Kd7 36. Ke3 Nc7 37. Bd6 Nxb5 38. Bxe5 f6 39. Bd4 Rc8 40. Rxc8 Kxc8 41. f4 Nc7 42. h4 Kd7 43. g4 Kd6 44. g5 hxg5 45. hxg5 fxg5 46. Be5+ Kd7 47. fxg5 Ne8 48. Bb8 a5 49. Kd4 b5 50. g6 1/2-1/2

[Event "Regionalliga SW 1011"]
[Site "Bayern"]
[Date "2011.03.20"]
[Round "8.8"]
[White "Benedde, Guenter"]
[Black "Reif, Hermann"]
[Result "1-0"]
[WhiteElo "1960"]
[BlackElo "1836"]
[PlyCount "65"]
[EventDate "2010.10.10"]
[EventType "team-tourn"]
[EventRounds "9"]
[EventCountry "GER"]
[SourceTitle "EXT 2012"]
[Source "ChessBase"]
[SourceDate "2011.11.24"]
[SourceVersion "1"]
[SourceVersionDate "2011.11.24"]
[SourceQuality "1"]
[WhiteTeam "Muenchen Suedost"]
[BlackTeam "Krumbach II"]
[WhiteTeamCountry "GER"]
[BlackTeamCountry "GER"]

1. d4 d5 2. c4 e6 3. Nc3 Nf6 4. Nf3 c6 5. e3 Nbd7 6. Bd3 dxc4 7. Bxc4 b5 8. Bb3 b4 9. Ne2 Bb7 10. 0-0 c5 11. Ng3 Rc8 12. Qe2 Qb6 13. Rd1 h5 14. h3 Bd6 15. Nf1 Bb8 16. Bd2 Ne4 17. Rac1 g5 18. Ne1 h4 19. Ba4 Rd8 20. Qb5 g4 21. dxc5 Qxb5 22. Bxb5 Nexc5 23. Rxc5 Rg8 24. hxg4 Rxg4 25. Rh5 a6 26. Be2 Rg8 27. Bxb4 Rc8 28. Rxh4 Rc2 29. Rg4 Rxg4 30. Bxg4 Rxb2 31. a3 Nf6 32. Bf3 Ne4 33. Nd2 1-0

[Event "Regionalliga SW 0910"]
[Site "Bayern"]
[Date "2010.04.11"]
[Round "9.7"]
[White "Demir, Bilal"]
[Black "Benedde, Guenter"]
[Result "1-0"]
[WhiteElo "2095"]
[BlackElo "1957"]
[PlyCount "89"]
[EventDate "2009.10.18"]
[EventType "team-tourn"]
[EventRounds "9"]
[EventCountry "GER"]
[SourceTitle "EXT 2011"]
[Source "ChessBase"]
[SourceDate "2010.11.26"]
[SourceVersion "1"]
[SourceVersionDate "2010.11.26"]
[SourceQuality "1"]
[WhiteTeam "Unterhaching"]
[BlackTeam "Muenchen Suedost"]
[WhiteTeamCountry "GER"]
[BlackTeamCountry "GER"]

1. e4 e6 2. d4 d5 3. Nc3 Nf6 4. e5 Nfd7 5. f4 c5 6. Nf3 Nc6 7. Be3 a6 8. Qd2 Be7 9. dxc5 Nxc5 10. 0-0-0 b5 11. Qf2 Nd7 12. Bd3 Nb4 13. g4 Bb7 14. Kb1 Rc8 15. Ne2 Qc7 16. Ned4 Nxd3 17. cxd3 0-0 18. h4 Nc5 19. g5 Qd7 20. Nh2 b4 21. f5 exf5 22. Qxf5 Qxf5 23. Nxf5 Rfe8 24. Bxc5 Bxc5 25. d4 Bf8 26. Rc1 g6 27. Ne3 h5 28. Rxc8 Rxc8 29. Rc1 Rxc1+ 30. Kxc1 Be7 31. Nf3 Kf8 32. Ne1 Bd8 33. Kd2 a5 34. N1g2 Bb6 35. Nc2 Ke7 36. Nf4 Bc6 37. Ke3 Bc7 38. Ne1 Bb8 39. Ned3 Bc7 40. Nc1 Bb8 41. Ncd3 Bc7 42. e6 Bxf4+ 43. Nxf4 Bb7 44. exf7 Kxf7 45. Nd3 1-0

[Event "Regionalliga SW 0910"]
[Site "Bayern"]
[Date "2009.12.13"]
[Round "4.6"]
[White "Epple, Ulrich"]
[Black "Benedde, Guenter"]
[Result "1-0"]
[WhiteElo "1956"]
[BlackElo "1957"]
[PlyCount "179"]
[EventDate "2009.10.18"]
[EventType "team-tourn"]
[EventRounds "9"]
[EventCountry "GER"]
[SourceTitle "EXT 2011"]
[Source "ChessBase"]
[SourceDate "2010.11.26"]
[SourceVersion "1"]
[SourceVersionDate "2010.11.26"]
[SourceQuality "1"]
[WhiteTeam "Tuerkheim/Bad Woerishofen"]
[BlackTeam "Muenchen Suedost"]
[WhiteTeamCountry "GER"]
[BlackTeamCountry "GER"]

1. e4 e6 2. d3 c5 3. Nf3 Nc6 4. g3 d6 5. Bg2 Nf6 6. 0-0 Be7 7. Nbd2 0-0 8. a4 Qc7 9. Nh4 Ne8 10. f4 Qd8 11. Ndf3 f6 12. f5 Ne5 13. Bh3 exf5 14. Bxf5 g6 15. Bxc8 Qxc8 16. Be3 Ng7 17. Qd2 Ng4 18. Ng2 Ne6 19. c3 Qc6 20. h3 Nxe3 21. Nxe3 Rae8 22. Rf2 Nc7 23. c4 Rf7 24. b3 Bf8 25. Nh2 Bg7 26. Raf1 Ref8 27. Nf3 Qd7 28. Kg2 h5 29. Nh4 Kh7 30. g4 hxg4 31. hxg4 Bh6 32. Rh1 Bxe3 33. Nf5+ Kg8 34. Nxe3 Rh7 35. Rxh7 Qxh7 36. Rf3 Qh6 37. Qf2 Qg5 38. Qg3 Qe5 39. Qh4 Ne6 40. Nd5 Kg7 41. Qg3 Qxg3+ 42. Rxg3 Nd4 43. b4 b6 44. b5 Rh8 45. g5 f5 46. exf5 Nxf5 47. Rg4 Kf7 48. Rf4 Rh5 49. Rg4 Rh8 50. Rf4 Re8 51. Re4 Rxe4 52. dxe4 Nd4 53. Kg3 Nb3 54. Kf4 Nd2 55. Nxb6 axb6 56. a5 Nb3 57. a6 Nd4 58. e5 Ke7 59. Ke4 Ne6 60. Kd5 dxe5 61. a7 Nc7+ 62. Kc6 Kd8 63. Kxb6 e4 64. Kxc5 e3 65. b6 e2 66. bxc7+ Kxc7 67. a8Q e1Q 68. Qc6+ Kb8 69. Qxg6 Qa5+ 70. Kd4 Qa1+ 71. Kd5 Qa5+ 72. c5 Qa2+ 73. Kd6 Qd2+ 74. Ke6 Qe3+ 75. Kf6 Qd4+ 76. Ke7 Qe5+ 77. Kf7 Qxc5 78. Qf6 Qd5+ 79. Kg7 Qd7+ 80. Qf7 Qd4+ 81. Kg8 Qh4 82. g6 Kc8 83. Qe8+ Kc7 84. g7 Qh6 85. Kf8 Kb7 86. Qe7+ Kc8 87. Qc5+ Kd7 88. Qf5+ Kd8 89. Qd5+ Kc7 90. Qf5 1-0

[Event "Regionalliga SW 0910"]
[Site "Bayern"]
[Date "2009.10.18"]
[Round "1.6"]
[White "Loos, Stephan"]
[Black "Benedde, Guenter"]
[Result "1/2-1/2"]
[WhiteElo "2051"]
[BlackElo "1957"]
[PlyCount "45"]
[EventDate "2009.10.18"]
[EventType "team-tourn"]
[EventRounds "9"]
[EventCountry "GER"]
[SourceTitle "EXT 2011"]
[Source "ChessBase"]
[SourceDate "2010.11.26"]
[SourceVersion "1"]
[SourceVersionDate "2010.11.26"]
[SourceQuality "1"]
[WhiteTeam "Bayern Muenchen III"]
[BlackTeam "Muenchen Suedost"]
[WhiteTeamCountry "GER"]
[BlackTeamCountry "GER"]

1. d4 e6 2. c4 d5 3. Nc3 Nf6 4. cxd5 exd5 5. Bg5 Be7 6. e3 c6 7. Bd3 Nbd7 8. Nge2 0-0 9. 0-0 Re8 10. f3 Nf8 11. Qc2 Nh5 12. Bxe7 Qxe7 13. e4 dxe4 14. fxe4 Bg4 15. Rae1 Rad8 16. d5 Bxe2 17. Rxe2 Nf6 18. dxc6 bxc6 19. Kh1 Qd6 20. Bc4 Re5 21. Rf5 Ne6 22. Rxe5 Qxe5 23. Bxe6 1/2-1/2

[Event "Regionalliga SW 0708"]
[Site "Bayern"]
[Date "2008.01.20"]
[Round "5.5"]
[White "Benedde, Guenter"]
[Black "Heinrich, Helmut1"]
[Result "1/2-1/2"]
[WhiteElo "1976"]
[BlackElo "1996"]
[PlyCount "90"]
[EventDate "2007.10.21"]
[EventType "team-tourn"]
[EventRounds "9"]
[EventCountry "GER"]
[SourceTitle "EXT 2009"]
[Source "ChessBase"]
[SourceDate "2008.11.26"]
[SourceVersion "1"]
[SourceVersionDate "2008.11.26"]
[SourceQuality "1"]
[WhiteTeam "Muenchen Suedost"]
[BlackTeam "Klosterlechfeld"]
[WhiteTeamCountry "GER"]
[BlackTeamCountry "GER"]

1. d4 Nf6 2. c4 e6 3. a3 b6 4. Nc3 Bb7 5. e3 Ne4 6. Nf3 f5 7. Bd3 Nxc3 8. bxc3 Be7 9. Qe2 0-0 10. 0-0 Qe8 11. e4 Qh5 12. d5 fxe4 13. Bxe4 Bd6 14. h3 exd5 15. cxd5 Bxd5 16. Bxd5+ Qxd5 17. Be3 Nc6 18. Rfd1 Qe4 19. Ng5 Qg6 20. Qc4+ Kh8 21. Qe4 Rf5 22. Nf3 Re8 23. Qg4 Qxg4 24. hxg4 Rf7 25. Rd5 Rfe7 26. Rh5 Kg8 27. g5 Re4 28. Rd1 Ne7 29. Nd4 a6 30. Nc2 Nf5 31. Rh3 R8e7 32. Kf1 Be5 33. Rf3 Nxe3+ 34. Nxe3 Bxc3 35. g3 c6 36. Kg2 Rf7 37. Rxf7 Kxf7 38. Rxd7+ Re7 39. Rd3 Be5 40. Nf5 Rc7 41. f4 Ba1 42. Rd1 Bc3 43. Rd3 Ba5 44. Nd6+ Ke6 45. Nc4 c5 1/2-1/2

[Event "Regionalliga SW 0708"]
[Site "Bayern"]
[Date "2007.11.04"]
[Round "2.5"]
[White "Beck, Alexander1"]
[Black "Benedde, Guenter"]
[Result "1-0"]
[WhiteElo "2067"]
[BlackElo "1976"]
[PlyCount "70"]
[EventDate "2007.10.21"]
[EventType "team-tourn"]
[EventRounds "9"]
[EventCountry "GER"]
[SourceTitle "EXT 2009"]
[Source "ChessBase"]
[SourceDate "2008.11.26"]
[SourceVersion "1"]
[SourceVersionDate "2008.11.26"]
[SourceQuality "1"]
[WhiteTeam "Zugzwang MSA"]
[BlackTeam "Muenchen Suedost"]
[WhiteTeamCountry "GER"]
[BlackTeamCountry "GER"]

1. c4 e6 2. Nc3 Nf6 3. Nf3 d5 4. d4 Be7 5. Bf4 a6 6. e3 0-0 7. Bd3 dxc4 8. Bxc4 b5 9. Bd3 Bb7 10. 0-0 Nbd7 11. Qe2 c5 12. Ne5 cxd4 13. exd4 Qb6 14. Rad1 Rfd8 15. Bb1 Nf8 16. Be3 Qc7 17. Rc1 Qd6 18. f3 Ng6 19. Nxg6 hxg6 20. Ne4 Nxe4 21. fxe4 Qd7 22. Qg4 Rac8 23. Rcd1 Rc4 24. e5 Bf8 25. Rf4 Bc5 26. Qh3 Be7 27. Rdf1 Rf8 28. Qg4 Rcc8 29. h4 Qd5 30. R1f3 Qc4 31. Rg3 Qb4 32. Bxg6 fxg6 33. Qxg6 Qe1+ 34. Kh2 Qxg3+ 35. Kxg3 Bd5 1-0

[Event "Regionalliga SW 0506"]
[Site "Bayern"]
[Date "2006.02.19"]
[Round "7.5"]
[White "Steffen, Kevin"]
[Black "Benedde, Guenter"]
[Result "0-1"]
[WhiteElo "1972"]
[BlackElo "2032"]
[PlyCount "68"]
[EventDate "2005.10.23"]
[EventType "team-tourn"]
[EventRounds "9"]
[EventCountry "GER"]
[SourceTitle "EXT 2007"]
[Source "ChessBase"]
[SourceDate "2006.11.23"]
[SourceVersion "1"]
[SourceVersionDate "2006.11.23"]
[SourceQuality "1"]

1. d4 d5 2. c4 e6 3. Nc3 Nf6 4. Bg5 Be7 5. Nf3 a6 6. e3 0-0 7. Rc1 dxc4 8. Bxc4 b5 9. Bd3 Bb7 10. Bxf6 Bxf6 11. b4 Nd7 12. 0-0 Be7 13. a3 Nf6 14. Nd2 e5 15. Nb3 exd4 16. exd4 Nd5 17. Ne4 Nf4 18. Bb1 Bd5 19. Nbc5 f5 20. Nc3 Bxg2 21. Ne6 Nxe6 22. Kxg2 Kh8 23. Ba2 Nf4+ 24. Kh1 Bd6 25. Qf3 Qh4 26. Rc2 Ne2 27. Qg2 Nxd4 28. Rd2 Rae8 29. Rg1 g6 30. Rgd1 Nc6 31. Rxd6 cxd6 32. Qxc6 Qxf2 33. Qxd6 Qf3+ 34. Kg1 Qxc3 0-1

[Event "Regionalliga SW 0304"]
[Site "Bayern"]
[Date "2004.03.28"]
[Round "8.4"]
[White "Linder, Peter"]
[Black "Benedde, Guenter"]
[Result "1-0"]
[WhiteElo "1994"]
[BlackElo "2047"]
[PlyCount "82"]
[EventDate "2003.10.??"]
[EventType "team-tourn"]
[EventRounds "9"]
[EventCountry "GER"]
[SourceTitle "EXT 2006"]
[Source "ChessBase"]
[SourceDate "2005.11.24"]
[SourceVersion "1"]
[SourceVersionDate "2005.11.24"]
[SourceQuality "1"]
[WhiteTeam "Burlafingen"]
[BlackTeam "Muenchen Suedost"]
[WhiteTeamCountry "GER"]
[BlackTeamCountry "GER"]

1. d4 e6 2. c4 Nf6 3. Nf3 d5 4. Nc3 Be7 5. Bf4 a6 6. Qc2 0-0 7. e4 dxe4 8. Nxe4 Nxe4 9. Qxe4 Nd7 10. Bd3 Nf6 11. Qe3 c5 12. Rd1 cxd4 13. Qxd4 Qa5+ 14. Bd2 Bb4 15. 0-0 Bxd2 16. Rxd2 Bd7 17. Rfd1 Rac8 18. Ne5 Bc6 19. b3 Qb4 20. Qh4 h6 21. Bb1 Qa5 22. Qd4 Qc7 23. h4 Rcd8 24. Qxd8 Rxd8 25. Rxd8+ Be8 26. Ng4 Kf8 27. Nxf6 gxf6 28. R1d7 Qa5 29. Bd3 f5 30. Rc8 Qxa2 31. Rdd8 Qxb3 32. Rxe8+ Kg7 33. Bf1 a5 34. Ra8 a4 35. Ra7 a3 36. Rea8 a2 37. Rxa2 Qd1 38. Rb2 Qg4 39. Rxb7 Qxh4 40. Raa7 Kf6 41. Rxf7+ Ke5 1-0

[Event "Regionalliga SW 0304"]
[Site "Bayern"]
[Date "2004.02.15"]
[Round "6.3"]
[White "Benedde, Guenter"]
[Black "Steffen, Kevin"]
[Result "1/2-1/2"]
[WhiteElo "2047"]
[BlackElo "1998"]
[PlyCount "136"]
[EventDate "2003.10.??"]
[EventType "team-tourn"]
[EventRounds "9"]
[EventCountry "GER"]
[SourceTitle "EXT 2006"]
[Source "ChessBase"]
[SourceDate "2005.11.24"]
[SourceVersion "1"]
[SourceVersionDate "2005.11.24"]
[SourceQuality "1"]
[WhiteTeam "Muenchen Suedost"]
[BlackTeam "Klosterlechfeld"]
[WhiteTeamCountry "GER"]
[BlackTeamCountry "GER"]

1. d4 Nf6 2. Nf3 e6 3. c4 b6 4. a3 Bb7 5. e3 Ne4 6. Bd3 f5 7. Nbd2 d5 8. 0-0 Bd6 9. b4 c6 10. c5 Bc7 11. Ne5 Bxe5 12. dxe5 bxc5 13. Bxe4 fxe4 14. bxc5 0-0 15. Nb3 Qg5 16. Bb2 Ba6 17. f4 exf3 18. Rxf3 Rxf3 19. Qxf3 Nd7 20. Qh3 Qg6 21. Bd4 Rb8 22. Nd2 Nf8 23. Qf3 Qc2 24. Qd1 Qd3 25. Nf3 Qxd1+ 26. Rxd1 Be2 27. Ra1 Bxf3 28. gxf3 Nd7 29. Kg2 Kf7 30. Kg3 Kg6 31. Kh4 Rb3 32. Rg1+ Kh6 33. Kg4 Rxa3 34. Rb1 Ra4 35. Kg3 Rc4 36. Rb7 Nxc5 37. Re7 Kg6 38. Bxc5 Rxc5 39. Rxe6+ Kf7 40. Rd6 a5 41. f4 a4 42. Rd7+ Kf8 43. Ra7 Rc4 44. Kg4 Rb4 45. Kf5 Rb8 46. Rxa4 c5 47. Ke6 Rd8 48. Ra5 d4 49. exd4 cxd4 50. Ra2 d3 51. Rd2 g6 52. Kf6 Rd4 53. Kg5 Kf7 54. Kg4 Ke6 55. h3 h6 56. Kf3 Kf5 57. Ke3 Rxf4 58. Rxd3 Re4+ 59. Kf3 Rxe5 60. Ra3 Kg5 61. Kg3 h5 62. h4+ Kf5 63. Rf3+ Ke6 64. Ra3 Kf6 65. Rf3+ Kg7 66. Ra3 Kh6 67. Rb3 Re4 68. Kh3 Kg7 1/2-1/2

[Event "Regionalliga SW 0203"]
[Site "Bayern"]
[Date "2003.01.12"]
[Round "4.6"]
[White "Schmitzer, Peter"]
[Black "Benedde, Guenter"]
[Result "1-0"]
[WhiteElo "2019"]
[BlackElo "2027"]
[PlyCount "124"]
[EventDate "2002.10.20"]
[EventType "team-tourn"]
[EventRounds "9"]
[EventCountry "GER"]
[SourceTitle "EXT 2004"]
[Source "ChessBase"]
[SourceDate "2003.11.25"]
[SourceVersion "1"]
[SourceVersionDate "2003.11.25"]
[SourceQuality "1"]
[WhiteTeam "Muenchen RTA"]
[BlackTeam "Muenchen Suedost"]
[WhiteTeamCountry "GER"]
[BlackTeamCountry "GER"]

1. d4 e6 2. g3 d5 3. Bg2 Nf6 4. Nf3 c5 5. e3 Nc6 6. 0-0 Bd7 7. Nbd2 Be7 8. b3 Qb6 9. Bb2 cxd4 10. Nxd4 0-0 11. Nxc6 bxc6 12. c4 Rfd8 13. Qe2 Rac8 14. e4 d4 15. e5 Ne8 16. Qd3 c5 17. f4 Bc6 18. Bf3 g6 19. g4 Ng7 20. Ne4 Ne8 21. Ng3 Bh4 22. Bxc6 Qxc6 23. Ne4 Be7 24. Rf3 f5 25. exf6 Nxf6 26. Re1 Nxe4 27. Rxe4 Bf6 28. Bc1 Re8 29. Bd2 Bg7 30. h4 Rf8 31. h5 gxh5 32. gxh5 Rf5 33. Rh3 Rcf8 34. h6 Bf6 35. Qe2 Kf7 36. Rg3 Qc8 37. Qg2 Rg8 38. Rxg8 Qxg8 39. Qxg8+ Kxg8 40. Rxe6 Kf7 41. Ra6 Kg6 42. Rxa7 Kxh6 43. Kg2 Kg6 44. Kg3 h5 45. Rd7 Bg7 46. a4 Rf8 47. a5 Rb8 48. Rd6+ Kf5 49. Rb6 Ra8 50. Kf3 h4 51. Rb5 Bf8 52. b4 Be7 53. bxc5 h3 54. c6+ Ke6 55. Re5+ Kf7 56. Re2 Rc8 57. Ke4 Rxc6 58. Kxd4 Rd6+ 59. Kc3 Rg6 60. Rh2 Rg3+ 61. Kd4 Ke8 62. Ke4 Kd7 1-0

[Event "Regionalliga SW 0102"]
[Site "Bayern"]
[Date "2002.04.28"]
[Round "9.6"]
[White "Beisswenger, Martin"]
[Black "Benedde, Guenter"]
[Result "1/2-1/2"]
[WhiteElo "1860"]
[BlackElo "2050"]
[PlyCount "84"]
[EventDate "2001.10.07"]
[EventType "team-tourn"]
[EventRounds "9"]
[EventCountry "GER"]
[SourceTitle "EXT 2003"]
[Source "ChessBase"]
[SourceDate "2002.11.25"]
[SourceVersion "1"]
[SourceVersionDate "2002.11.25"]
[SourceQuality "1"]
[WhiteTeam "Burlafingen"]
[BlackTeam "Muenchen Suedost"]
[WhiteTeamCountry "GER"]
[BlackTeamCountry "GER"]

1. d4 e6 2. c4 d5 3. Nc3 Nf6 4. Bg5 Be7 5. Nf3 a6 6. c5 0-0 7. e3 Nbd7 8. Bf4 c6 9. h3 Re8 10. Bd3 Nf8 11. 0-0 N6d7 12. Qc2 Bf6 13. Rfd1 e5 14. dxe5 Nxe5 15. Bxe5 Bxe5 16. e4 Bxc3 17. Qxc3 dxe4 18. Bxe4 Qe7 19. Re1 Be6 20. Bf5 Qc7 21. Nd4 Bd5 22. Bg4 g6 23. Re3 Rxe3 24. Qxe3 Qa5 25. Qe7 Qb4 26. Nb3 h5 27. Be2 Ne6 28. Rd1 Nf4 29. Bf1 Ne6 30. Be2 Rf8 31. Rc1 Qf4 32. Rc3 Qg5 33. Qxg5 Nxg5 34. Bc4 Ne4 35. Rc1 Nf6 36. Na5 Rb8 37. f3 Kf8 38. a3 Ke7 39. b4 b6 40. cxb6 Rxb6 41. Kf2 Kd6 42. Ke3 Ne8 1/2-1/2

[Event "Regionalliga SW 0102"]
[Site "Bayern"]
[Date "2002.04.14"]
[Round "8.6"]
[White "Benedde, Guenter"]
[Black "Wiechmann, Gernot"]
[Result "1/2-1/2"]
[WhiteElo "2050"]
[BlackElo "1880"]
[PlyCount "97"]
[EventDate "2001.10.07"]
[EventType "team-tourn"]
[EventRounds "9"]
[EventCountry "GER"]
[SourceTitle "EXT 2003"]
[Source "ChessBase"]
[SourceDate "2002.11.25"]
[SourceVersion "1"]
[SourceVersionDate "2002.11.25"]
[SourceQuality "1"]
[WhiteTeam "Muenchen Suedost"]
[BlackTeam "Sonthofen"]
[WhiteTeamCountry "GER"]
[BlackTeamCountry "GER"]

1. d4 Nf6 2. c4 g6 3. Nc3 Bg7 4. e4 d6 5. Nf3 0-0 6. Be2 e5 7. d5 Nbd7 8. h3 Nc5 9. Qc2 a5 10. Be3 Ne8 11. 0-0 f5 12. Bxc5 dxc5 13. Ne1 Nd6 14. Rd1 b6 15. b3 Qh4 16. Nf3 Qf4 17. exf5 e4 18. g3 Qxf5 19. Nh4 Qe5 20. Nb5 Nxb5 21. cxb5 Bxh3 22. Ng2 Bh6 23. Qc4 Kh8 24. Kh2 Bd7 25. a4 Rf6 26. Kg1 Raf8 27. Qc2 Bf5 28. Qa2 Rd6 29. Bc4 Bh3 30. Qa1 Qxa1 31. Rxa1 e3 32. fxe3 Rxf1+ 33. Rxf1 Bxg2 34. Kxg2 Bxe3 35. Rf7 Bd4 36. Rxc7 h5 37. Bd3 Rxd5 38. Bxg6 Rg5 39. Be4 Be5 40. Re7 Rxg3+ 41. Kf2 Rg5 42. Rh7+ Kg8 43. Rh6 Bd4+ 44. Kf3 Kg7 45. Rxb6 h4 46. Rb7+ Kf6 47. Rb6+ Ke5 48. Rg6 Rxg6 49. Bxg6 1/2-1/2

[Event "Landesliga Sued 0001"]
[Site "Bayern"]
[Date "2001.04.01"]
[Round "8"]
[White "Benedde, Guenter"]
[Black "Loos, Stephan"]
[Result "0-1"]
[WhiteElo "2055"]
[BlackElo "2005"]
[PlyCount "58"]
[EventDate "2000.10.15"]
[EventType "team-tourn"]
[EventRounds "9"]
[EventCountry "GER"]
[SourceTitle "EXT 2020"]
[Source "ChessBase"]
[SourceDate "2019.10.17"]
[SourceVersion "1"]
[SourceVersionDate "2019.10.17"]
[SourceQuality "1"]
[WhiteTeam "Muenchen Suedost"]
[BlackTeam "Muenchen FC Bayern II"]
[WhiteTeamCountry "GER"]
[BlackTeamCountry "GER"]

1. d4 f5 2. Nf3 Nf6 3. c4 g6 4. Nc3 Bg7 5. e3 d6 6. Bd3 0-0 7. h3 Nc6 8. d5 Ne5 9. Be2 e6 10. 0-0 Qe7 11. Nd4 a6 12. Bd2 Bd7 13. Rc1 c6 14. b3 exd5 15. f4 Nf7 16. cxd5 c5 17. Nc2 b5 18. Bf3 b4 19. Ne2 g5 20. Ng3 g4 21. hxg4 fxg4 22. Be2 Nh6 23. Be1 Nf5 24. Qd3 Nxg3 25. Bxg3 Ne4 26. Be1 g3 27. Bf3 Qh4 28. Bxg3 Nxg3 29. Rfe1 Bb5 0-1

[Event "Landesliga Sued 0001"]
[Site "Bayern"]
[Date "2001.01.28"]
[Round "5"]
[White "Poellner, Ludwig"]
[Black "Benedde, Guenter"]
[Result "1/2-1/2"]
[WhiteElo "2030"]
[BlackElo "2055"]
[PlyCount "103"]
[EventDate "2000.10.15"]
[EventType "team-tourn"]
[EventRounds "9"]
[EventCountry "GER"]
[SourceTitle "EXT 2020"]
[Source "ChessBase"]
[SourceDate "2019.10.17"]
[SourceVersion "1"]
[SourceVersionDate "2019.10.17"]
[SourceQuality "1"]
[WhiteTeam "Dorfen PSV"]
[BlackTeam "Muenchen Suedost"]
[WhiteTeamCountry "GER"]
[BlackTeamCountry "GER"]

1. d4 e6 2. c4 d5 3. Nf3 Nf6 4. Nc3 Be7 5. Bg5 0-0 6. e3 a6 7. Qc2 h6 8. Bh4 Nbd7 9. Be2 dxc4 10. Bxc4 b5 11. Be2 Bb7 12. 0-0 c5 13. Bxf6 Bxf6 14. dxc5 Nxc5 15. Nxb5 Qb6 16. Na3 Be4 17. Nc4 Qc7 18. Qc1 Rfc8 19. Rd1 Bd5 20. Nfd2 Rab8 21. Qc2 Qc6 22. f3 Na4 23. Qd3 Nxb2 24. Nxb2 Rxb2 25. Rab1 Rxa2 26. e4 Qc5+ 27. Kf1 Ra3 28. Nb3 Bxb3 29. Rxb3 Ra2 30. Rdb1 g6 31. Rb8 Rxb8 32. Rxb8+ Kg7 33. Rb1 a5 34. Qc4 Qxc4 35. Bxc4 Rc2 36. Bb3 Rd2 37. Rd1 Rb2 38. Rd3 Be7 39. Rd7 Kf8 40. Bd1 Bc5 41. Rc7 Bd4 42. Rc2 Rb1 43. Ke2 Bb6 44. Rc3 Rb2+ 45. Rc2 Rb4 46. Rc3 a4 47. Bc2 Rb2 48. Kd1 Rb4 49. Ra3 Rd4+ 50. Rd3 a3 51. Rxd4 Bxd4 52. Bb3 1/2-1/2

[Event "Regionalliga SW 9900"]
[Site "Bayern"]
[Date "1999.??.??"]
[Round "1.5"]
[White "Benedde, Guenter"]
[Black "Schuele, Herbert"]
[Result "0-1"]
[WhiteElo "2090"]
[BlackElo "1960"]
[PlyCount "114"]
[EventDate "1999.??.??"]
[EventType "team-tourn"]
[EventRounds "9"]
[EventCountry "GER"]
[SourceTitle "EXT 2020"]
[Source "ChessBase"]
[SourceDate "2019.10.17"]
[SourceVersion "1"]
[SourceVersionDate "2019.10.17"]
[SourceQuality "1"]
[WhiteTeam "Muenchen Suedost"]
[BlackTeam "Lauingen"]
[WhiteTeamCountry "GER"]
[BlackTeamCountry "GER"]

1. d4 d5 2. c4 e6 3. Nc3 Nf6 4. Nf3 Be7 5. e3 0-0 6. Bd3 dxc4 7. Bxc4 b6 8. Qe2 Bb7 9. 0-0 Nbd7 10. Rd1 Ne4 11. Bd3 Nxc3 12. bxc3 c6 13. e4 Qc7 14. c4 Rfd8 15. e5 Nf8 16. Be4 Rd7 17. Be3 Rad8 18. Rdb1 c5 19. Bxb7 cxd4 20. Ba6 dxe3 21. Qxe3 Ng6 22. Qe2 Bc5 23. Bb5 Rd3 24. Rd1 Nf4 25. Qc2 h6 26. Rxd3 Nxd3 27. Rf1 Nxe5 28. Nxe5 Qxe5 29. g3 h5 30. Rd1 Rd4 31. Rxd4 Qxd4 32. Qe2 h4 33. Kg2 hxg3 34. hxg3 g5 35. g4 Qf4 36. Qf3 Qxf3+ 37. Kxf3 Kf8 38. Ke2 Ke7 39. f3 Kd6 40. Be8 f6 41. a4 Ke5 42. Bf7 f5 43. gxf5 exf5 44. Kd3 g4 45. fxg4 fxg4 46. Bd5 g3 47. Bg2 Bf2 48. Bf3 Kd6 49. Kc3 Kc5 50. Bg2 Be1+ 51. Kc2 Kb4 52. Bc6 Bf2 53. Kd2 Kxc4 54. Kc2 Bd4 55. Bg2 Kb4 56. Bc6 Be5 57. Kd3 a6 0-1

[Event "Regionalliga SW 9899"]
[Site "Bayern"]
[Date "1998.??.??"]
[Round "3.5"]
[White "Strehle, Isabel"]
[Black "Benedde, Guenter"]
[Result "0-1"]
[WhiteElo "1915"]
[BlackElo "2080"]
[PlyCount "72"]
[EventDate "1998.??.??"]
[EventType "team-tourn"]
[EventRounds "9"]
[EventCountry "GER"]
[SourceTitle "EXT 2020"]
[Source "ChessBase"]
[SourceDate "2019.10.17"]
[SourceVersion "1"]
[SourceVersionDate "2019.10.17"]
[SourceQuality "1"]
[WhiteTeam "Sendling"]
[BlackTeam "Muenchen Suedost"]
[WhiteTeamCountry "GER"]
[BlackTeamCountry "GER"]

1. e4 e6 2. d4 d5 3. exd5 exd5 4. Nf3 Nf6 5. Bd3 Be7 6. Bf4 Bg4 7. c3 0-0 8. 0-0 Nbd7 9. Nbd2 Re8 10. Re1 c5 11. Be2 Qb6 12. Qb3 c4 13. Qxb6 axb6 14. a3 b5 15. Ne5 Be6 16. Bg3 Nb6 17. Bd1 b4 18. cxb4 Bxb4 19. Re2 Bxd2 20. Rxd2 Ne4 21. Re2 Rac8 22. Kf1 f6 23. Nf3 g5 24. h4 h6 25. Bh2 Bg4 26. Rc2 Bf5 27. hxg5 hxg5 28. Re2 c3 29. bxc3 Rxc3 30. Rb2 Nc4 31. Re2 Ned2+ 32. Kg1 Rxe2 33. Bxe2 Nb3 34. Rd1 Nb2 35. g4 Bg6 36. Kg2 Nxd1 0-1